[Event "Mittelrhein Verbandsliga-O 16/17"]
[Site "Nordrheinwestfalen"]
[Date "2017.04.09"]
[Round "10.7"]
[White "Will, Hans Joachim"]
[Black "Diener, Michael"]
[Result "0-1"]
[WhiteElo "1623"]
[BlackElo "1636"]
[PlyCount "86"]
[EventDate "2016.09.11"]
[EventType "team-tourn"]
[EventRounds "11"]
[EventCountry "GER"]
[SourceTitle "EXT 2022"]
[Source "ChessBase"]
[SourceDate "2021.10.06"]
[SourceVersion "1"]
[SourceVersionDate "2021.10.06"]
[SourceQuality "1"]
[WhiteTeam "Koeln Lasker II"]
[BlackTeam "Bergische SF II"]
[WhiteTeamCountry "GER"]
[BlackTeamCountry "GER"]

1. e4 e5 2. Nf3 d6 3. Nc3 Bg4 4. Be2 Nc6 5. d3 Nf6 6. Be3 Be7 7. Qd2 a6 8. d4 exd4 9. Nxd4 Nxd4 10. Bxd4 Bxe2 11. Qxe2 0-0 12. f3 Re8 13. 0-0 Qc8 14. Rad1 b5 15. Bf2 Bf8 16. Rfe1 Qb7 17. Qd2 Be7 18. g4 h6 19. h4 Nh7 20. Nd5 Bd8 21. c3 Qc8 22. Qf4 Nf6 23. e5 Nxd5 24. Rxd5 Be7 25. Qd2 Qd8 26. e6 Rf8 27. h5 fxe6 28. Rxe6 Bg5 29. Qe2 Qd7 30. Rd1 Qc6 31. Qe4 Qxe4 32. fxe4 Rf4 33. e5 Rxg4+ 34. Kh1 Bf4 35. Rd4 dxe5 36. Rxe5 Bxe5 37. Rxg4 Rd8 38. Re4 Rd1+ 39. Kg2 Bd6 40. Kf3 Rh1 41. Bh4 Kf7 42. a4 Rh2 43. axb5 axb5 0-1